000 00606nam a2200193 i 4500
001 147710
003 ES-MaACL
005 20260612132716.0
007 t|
008 071005s1967 it ||||1| rum d
100 1 _aUscatescu, Jorge,
_d1919-1995
_9112293
245 1 0 _aAttualitá di Eminescu nella cultura Romena /
_cJorge Uscatescu.
260 _a[Roma] :
_bLerici,
_c1967.
300 _a5 h. ;
_c24 cm.
500 _aEstratto dalla rivista Rassegna semestrale di filologia, no.1.
600 1 4 _aEminescu, Mihai (
_d1850-1889)
_947152
852 _aES-MaACL
_j2067-F-4
_bR.67665
999 _c147710
_d147710